000 00452nam a22001697a 4500
999 _c523715
_d523715
003 NUST
038 _awaseem
082 _a491.49135
_bMUG
100 _aMughal, Karamat Ali
_914487
245 _aPunjabi Grammar /
_cKaramat Ali Mughal
260 _aLahore :
_bPunjabi Markaz,
_c2005.
300 _a80 p. ;
500 _aPaperback.
880 _6100-02\r
_aکرامت علی مغل
880 _6245-02\r
_aپنجابی گرامر /
942 _2ddc
_cBK